Ruminant Clinical Nutrition : (Record no. 17240)

MARC details
000 -LEADER
fixed length control field 00752cam a2200229 a 4500
003 - CONTROL NUMBER IDENTIFIER
control field BD-DhSAU
005 - DATE AND TIME OF LATEST TRANSACTION
control field 20231030152729.0
008 - FIXED-LENGTH DATA ELEMENTS--GENERAL INFORMATION
fixed length control field 861024s2021 ii a b 001 0 eng
020 ## - INTERNATIONAL STANDARD BOOK NUMBER
International Standard Book Number 9789388892841
040 ## - CATALOGING SOURCE
Original cataloging agency BD-DhSAU
082 ## - DEWEY DECIMAL CLASSIFICATION NUMBER
Edition number 22
Classification number 636.2085
Item number R865
245 10 - TITLE STATEMENT
Title Ruminant Clinical Nutrition :
Statement of responsibility, etc. Edited by Jaspal Singh Hundal, Udeybir Singfh Chahal and Jaswinder Singh
260 ## - PUBLICATION, DISTRIBUTION, ETC. (IMPRINT)
Place of publication, distribution, etc. New Delhi :
Name of publisher, distributor, etc. International Books & Periodical Supply Service
Date of publication, distribution, etc. c2021
300 ## - PHYSICAL DESCRIPTION
Extent xvi, 332 p. :
Other physical details ill. ;
Dimensions 22 cm.
504 ## - BIBLIOGRAPHY, ETC. NOTE
Bibliography, etc Includes bibliographical references
590 ## - Name of Cataloguer
Name of Cataloger kobir
650 #0 - SUBJECT ADDED ENTRY--TOPICAL TERM
Topical term or geographic name as entry element Nutrition
Form subdivision Ruminant Climical
700 ## - ADDED ENTRY--PERSONAL NAME
Personal name Hundal, Jaspal Singh
700 ## - ADDED ENTRY--PERSONAL NAME
Personal name Chahal, Udeybir Singh
700 ## - ADDED ENTRY--PERSONAL NAME
Personal name Singh, Jaswinder
942 ## - ADDED ENTRY ELEMENTS (KOHA)
Source of classification or shelving scheme Dewey Decimal Classification
Koha item type Book
Holdings
Withdrawn status Lost status Source of classification or shelving scheme Damaged status Not for loan Collection code Home library Branch Name Shelving location Date acquired Cost, normal purchase price Total Checkouts Full call number Barcode Date last seen Price effective from Koha item type Public note
    Dewey Decimal Classification   Not For Loan Reference SAU Library SAU Library General Stacks 21/06/2023 3540.00   636.2085 R865 44918 30/10/2023 30/10/2023 Book Purchase